<?xml version="1.0" encoding="UTF-8"?>
<record
    xmlns:xsi="http://www.w3.org/2001/XMLSchema-instance"
    xsi:schemaLocation="http://www.loc.gov/MARC21/slim http://www.loc.gov/standards/marcxml/schema/MARC21slim.xsd"
    xmlns="http://www.loc.gov/MARC21/slim">

  <leader>00466nam a22001577a 4500</leader>
  <datafield tag="952" ind1=" " ind2=" ">
    <subfield code="0">0</subfield>
    <subfield code="1">0</subfield>
    <subfield code="2">ddc</subfield>
    <subfield code="4">0</subfield>
    <subfield code="7">0</subfield>
    <subfield code="8">CIVIL</subfield>
    <subfield code="a">MES</subfield>
    <subfield code="b">MES</subfield>
    <subfield code="c">CAREER CORNER</subfield>
    <subfield code="d">2019-07-05</subfield>
    <subfield code="g">465.00</subfield>
    <subfield code="l">0</subfield>
    <subfield code="o">910 KHU/I</subfield>
    <subfield code="p">40659</subfield>
    <subfield code="r">2019-10-16 00:00:00</subfield>
    <subfield code="w">2019-10-16</subfield>
    <subfield code="y">REF</subfield>
    <subfield code="z">U7R3</subfield>
  </datafield>
  <datafield tag="999" ind1=" " ind2=" ">
    <subfield code="c">40636</subfield>
    <subfield code="d">40636</subfield>
  </datafield>
  <controlfield tag="003">OSt</controlfield>
  <controlfield tag="005">20210122143923.0</controlfield>
  <controlfield tag="008">191016b           ||||| |||| 00| 0 eng d</controlfield>
  <datafield tag="020" ind1=" " ind2=" ">
    <subfield code="a">9789383454693</subfield>
  </datafield>
  <datafield tag="040" ind1=" " ind2=" ">
    <subfield code="c">oclc</subfield>
  </datafield>
  <datafield tag="082" ind1=" " ind2=" ">
    <subfield code="a">910</subfield>
    <subfield code="b">KHU/I</subfield>
  </datafield>
  <datafield tag="100" ind1=" " ind2=" ">
    <subfield code="a">Khullar, D R</subfield>
    <subfield code="9">8378</subfield>
  </datafield>
  <datafield tag="245" ind1=" " ind2=" ">
    <subfield code="a">Indian and World Geography General Studies Paper 1 /</subfield>
    <subfield code="c">D R Khullar</subfield>
  </datafield>
  <datafield tag="260" ind1=" " ind2=" ">
    <subfield code="a">Roorke:</subfield>
    <subfield code="b">CL Media,</subfield>
    <subfield code="c">2018.</subfield>
  </datafield>
  <datafield tag="942" ind1=" " ind2=" ">
    <subfield code="2">ddc</subfield>
    <subfield code="c">REF</subfield>
    <subfield code="h">910</subfield>
    <subfield code="i">KHU/I</subfield>
    <subfield code="k">910</subfield>
    <subfield code="m">KHU/I</subfield>
  </datafield>
</record>
